000 00291nam a2200121 i 4500
001 bg
245 0 _aKovka i stampovka.
_nT. 1,
_pMaterialy i nagrev oborudovanie...
260 _aMoskva,
_c1985.
040 _cBPK
041 _apol
942 _cKS
008 s pl f |000 0 pol
999 _c23075
_d23075
856 _uhttp://koha.tu.koszalin.pl/cgi-bin/koha/opac-detail.pl?biblionumber=23075
_yKatalog online BPK